LEADER 02194oam 2200673zu 450 001 996212363103316 005 20210807003101.0 010 $a0-443-06570-5 035 $a(CKB)1000000000748929 035 $a(SSID)ssj0000556432 035 $a(PQKBManifestationID)12158692 035 $a(PQKBTitleCode)TC0000556432 035 $a(PQKBWorkID)10536771 035 $a(PQKB)10529984 035 $a(EXLCZ)991000000000748929 100 $a20160829d2005 uy 101 0 $aeng 181 $ctxt 182 $cc 183 $acr 200 00$aElectrophysiological disorders of the heart 210 31$a[Place of publication not identified]$cElsevier Churchill Livingstone$d2005 300 $aBibliographic Level Mode of Issuance: Monograph 606 $aHeart Function Tests 606 $aElectrodiagnosis 606 $aHeart Diseases 606 $aPathologic Processes 606 $aPathological Conditions, Signs and Symptoms 606 $aDiagnostic Techniques, Cardiovascular 606 $aCardiovascular Diseases 606 $aDiagnostic Techniques and Procedures 606 $aDiseases 606 $aDiagnosis 606 $aAnalytical, Diagnostic and Therapeutic Techniques and Equipment 606 $aArrhythmias, Cardiac 606 $aElectrophysiologic Techniques, Cardiac 606 $aElectrocardiography 615 2$aHeart Function Tests 615 2$aElectrodiagnosis 615 2$aHeart Diseases 615 2$aPathologic Processes 615 2$aPathological Conditions, Signs and Symptoms 615 2$aDiagnostic Techniques, Cardiovascular 615 2$aCardiovascular Diseases 615 2$aDiagnostic Techniques and Procedures 615 2$aDiseases 615 2$aDiagnosis 615 2$aAnalytical, Diagnostic and Therapeutic Techniques and Equipment 615 2$aArrhythmias, Cardiac 615 2$aElectrophysiologic Techniques, Cardiac 615 2$aElectrocardiography 676 $a616.1/28 702 $aCamm$b A John 702 $aSaksena$b Sanjeev 801 0$bPQKB 906 $aBOOK 912 $a996212363103316 996 $aElectrophysiological disorders of the heart$92341083 997 $aUNISA LEADER 01691nam 2200481 a 450 001 9910697154603321 005 20230902162213.0 035 $a(CKB)5470000002385366 035 $a(OCoLC)692183097 035 $a(EXLCZ)995470000002385366 100 $a20101213d2010 ua 0 101 0 $aeng 135 $aurcn||||||||| 181 $ctxt$2rdacontent 182 $cc$2rdamedia 183 $acr$2rdacarrier 200 10$aGeneral unknown screening by ion trap LC/MS/MS$b[electronic resource] /$fRobert D. Johnson 210 1$aWashington, DC :$cFederal Aviation Administration, Office of Aerospace Medicine,$d[2010] 215 $a1 online resource (v, 14 pages) 300 $aTitle from title screen (viewed on Nov. 12, 2010). 300 $a"Performing organization: FAA Civil Aerospace Medical Institute"--Technical rept. documentation p. 300 $a"April 2010." 300 $a"DOT/FAA/AM-10/8." 320 $aIncludes bibliographical references (page 5). 606 $aDrug testing 606 $aLiquid chromatography 606 $aMass spectrometry 606 $aForensic toxicology 606 $aAircraft accidents$xInvestigation$zUnited States 615 0$aDrug testing. 615 0$aLiquid chromatography. 615 0$aMass spectrometry. 615 0$aForensic toxicology. 615 0$aAircraft accidents$xInvestigation 700 $aJohnson$b Robert D$01387887 712 02$aUnited States.$bOffice of Aerospace Medicine. 712 02$aCivil Aerospace Medical Institute. 801 0$bGPO 801 1$bGPO 906 $aBOOK 912 $a9910697154603321 996 $aGeneral unknown screening by ion trap LC$93486737 997 $aUNINA